Cuaderno Judaico No. 20: número especial dedicado al vigesimoquinto aniversario del Centro de Estudios Judaicos 1967-1993

Guardat en:
Dades bibliogràfiques
Autor corporatiu: Universidad de Chile (Autor)
Format: Llibre
Idioma:espanyol
Publicat: Santiago Universidad de Chile, Centro de Estudios Judaicos 1993
Matèries:
Etiquetes: Afegir etiqueta
Sense etiquetes, Sigues el primer a etiquetar aquest registre!

MARC

LEADER 00000nam a2200000 a 4500
001 UCX7146
003 CL-VaPUC
008 931127e19930000CL |||||||||||||||||spa|d
082 0 4 |a 296  |b UNI  |2 21 
110 2 |a Universidad de Chile  |e author  |9 323934 
245 1 0 |a Cuaderno Judaico No. 20: número especial dedicado al vigesimoquinto aniversario del Centro de Estudios Judaicos 1967-1993 
300 |a 168 p 
942 |c BK 
945 |d 19931127 00:00:00  |a aalvarez 
260 |a Santiago  |b Universidad de Chile, Centro de Estudios Judaicos  |c 1993 
650 0 |a Judaísmo  |9 269348 
583 |a last modification  |c 19931127 00:00:00  |k Rodrigo Vera 
999 |c 227045  |d 227043 
952 |0 0  |1 0  |4 0  |6 296_000000000000000_UNI_1993  |7 0  |8 A  |9 225806  |a BIBTEO  |b BIBTEO  |d 2019-11-15  |i 2946459  |o 296 UNI 1993  |p 2946459  |r 2025-01-17  |w 2019-11-15  |y BK  |k ICR